[Event "Stay Safe Play From Home 219"]
[Site "T#646719Emanuel Laske"]
[Date "2020.06.11"]
[Round "4"]
[White "Weltszmerc"]
[Black "Lazieri3"]
[Result "0-1"]
[WhiteElo "2168"]
[BlackElo "2142"]
[Annotator "RC"]
[PlyCount "106"]
[EventDate "2020.06.11"]
[EventType "swiss (blitz)"]

1. d4 {[%emt 0:00:07]} c6 {[%emt 0:00:00]} 2. c4 {[%emt 0:00:03]} d5 {[%emt 0:00:00]} 3. Nf3 {[%emt 0:00:01]} Nf6 {[%emt 0:00:01]} 4. g3 {[%emt 0:00:01]} Bf5 {[%emt 0:00:02]} 5. Qb3 {[%emt 0:00:02]} Qb6 {[%emt 0:00:01]} 6. c5 {[%emt 0:00:01]} Qxb3 {[%emt 0:00:01]} 7. axb3 {[%emt 0:00:02]} Nbd7 {[%emt 0:00:00]} 8. Nc3 {[%emt 0:00:02]} Ne4 {[%emt 0:00:08]} 9. b4 {[%emt 0:00:01]} Nxc3 {[%emt 0:00:01]} 10. bxc3 {[%emt 0:00:02]} Be4 {[%emt 0:00:01]} 11. Bh3 {[%emt 0:00:06]} Bxf3 {[%emt 0:00:04]} 12. exf3 {[%emt 0:00:02]} a6 {[%emt 0:00:01]} 13. f4 {[%emt 0:00:03]} e6 {[%emt 0:00:12]} 14. O-O {[%emt 0:00:03]} Be7 {[%emt 0:00:02]} 15. Be3 {[%emt 0:00:03]} O-O {[%emt 0:00:04]} 16. c4 {[%emt 0:00:01]} dxc4 {[%emt 0:00:01]} 17. Rfc1 {[%emt 0:00:02]} Nf6 {[%emt 0:00:01]} 18. Rxc4 {[%emt 0:00:02]} Nd5 {[%emt 0:00:00]} 19. Kf1 {[%emt 0:00:05]} Bf6 {[%emt 0:00:03]} 20. Ke2 {[%emt 0:00:02]} Rad8 {[%emt 0:00:02]} 21. Bg2 {[%emt 0:00:03]} g6 {[%emt 0:00:02]} 22. h4 {[%emt 0:00:04]} h5 {[%emt 0:00:01]} 23. Bd2 {[%emt 0:00:08]} Rd7 {[%emt 0:00:02]} 24. Rd1 {[%emt 0:00:04]} Rfd8 {[%emt 0:00:01]} 25. Be3 {[%emt 0:00:02]} Nc7 {[%emt 0:00:03]} 26. Be4 {[%emt 0:00:13]} Nb5 {[%emt 0:00:01]} 27. Bb1 {[%emt 0:00:06]} Bxd4 {[%emt 0:00:09]} 28. Rd3 {[%emt 0:00:11]} Bxe3 {[%emt 0:00:03]} 29. Rxd7 {[%emt 0:00:02]} Rxd7 {[%emt 0:00:03]} 30. fxe3 {[%emt 0:00:01]} f5 {[%emt 0:00:14]} 31. Rc1 {[%emt 0:00:08]} Kf7 {[%emt 0:00:02]} 32. Bd3 {[%emt 0:00:02]} Nc7 {[%emt 0:00:06]} 33. e4 {[%emt 0:00:17]} Rd4 {[%emt 0:00:02]} 34. Ke3 {[%emt 0:00:05]} Rxb4 {[%emt 0:00:02]} 35. Rc4 {[%emt 0:00:06]} Rxc4 {[%emt 0:00:05]} 36. Bxc4 {[%emt 0:00:01]} fxe4 {[%emt 0:00:03]} 37. Kxe4 {[%emt 0:00:00]} Kf6 {[%emt 0:00:01]} 38. Bb3 {[%emt 0:00:03]} Nd5 {[%emt 0:00:08]} 39. Bc2 {[%emt 0:00:04]} a5 {[%emt 0:00:02]} 40. Kd4 {[%emt 0:00:01]} Ne7 {[%emt 0:00:09]} 41. Ke4 {[%emt 0:00:04]} Nf5 {[%emt 0:00:05]} 42. Kd3 {[%emt 0:00:05]} Nxg3 {[%emt 0:00:02]} 43. Kc4 {[%emt 0:00:01]} Nf5 {[%emt 0:00:02]} 44. Kb3 {[%emt 0:00:01]} Nd4+ {[%emt 0:00:01]} 45. Kc3 {[%emt 0:00:02]} Nxc2 {[%emt 0:00:00]} 46. Kxc2 {[%emt 0:00:00]} e5 {[%emt 0:00:04]} 47. Kb3 {[%emt 0:00:00]} exf4 {[%emt 0:00:01]} 48. Ka4 {[%emt 0:00:01]} f3 {[%emt 0:00:01]} 49. Kxa5 {[%emt 0:00:00]} f2 {[%emt 0:00:00]} 50. Kb6 {[%emt 0:00:00]} f1=Q {[%emt 0:00:00]} 51. Kxb7 {[%emt 0:00:00]} Qb5+ {[%emt 0:00:01]} 52. Kc7 {[%emt 0:00:00]} Qxc5 {[%emt 0:00:01]} 53. Kd7 {[%emt 0:00:00]} g5 {[%emt 0:00:02] Weltszmerc poddaje się (Lag: Av=0.57s, max=1.1s)} 0-1

[Event "Stay Safe Play From Home 219"]
[Site "T#646719Emanuel Laske"]
[Date "2020.06.11"]
[Round "4"]
[White "Little champs"]
[Black "Tobo Rubirosa"]
[Result "1-0"]
[WhiteElo "2113"]
[BlackElo "1673"]
[Annotator "TA"]
[PlyCount "101"]
[EventDate "2020.06.11"]
[EventType "swiss (blitz)"]

{[%evp 18,101,-30,-27,-38,-27,14,-30,-11,-4,14,-64,-56,-43,-35,-21,-6,-10,58,62,66,66,64,64,63,59,66,62,83,83,111,112,112,112,168,120,135,79,85,47,163,102,164,98,357,346,488,306,712,712,608,441,469,419,645,554,12844,1043,1658,618,868,850,941,950,5300,5310,2830,1547,1538,1567,915,1091,12847,12847,12851,27999,12851,27999,12851,27999,12851,12851,12851,12851,12851,27999]} 1. d4 Nf6 2. e3 g6 3. Nf3 Bg7 4. Be2 O-O 5. O-O d5 6. c4 c5 7. Nc3 Nc6 8. dxc5 dxc4 9. Qxd8 Rxd8 10. Bxc4 Nd7 {[#] D94: Grünfeld: 4 Nf3 Bg7 5 e3.} 11. Ng5 $146 ({Predecessor:} 11. Ne4 Nde5 12. Nxe5 Nxe5 13. Bb3 Bd7 14. Nc3 Nd3 15. Rd1 Nxc5 16. Bc2 Bf5 17. Bxf5 gxf5 18. Rd2 {0-1 (43) Kalashian,D (2361)-Romanov,E (2515) Yerevan 2007}) 11... e6 12. Nce4 h6 {Black has an edge.} 13. Nf3 Nce5 14. Bb3 (14. Nxe5 $11 Nxe5 15. Be2) 14... Nxf3+ $15 15. gxf3 Ne5 16. f4 Nd3 17. Rd1 f5 (17... b6 $1 $11) 18. Nc3 $36 {[%mdl 2048] Threatens to win with Bc4. White has good play.} Bf6 19. Nd5 exd5 20. Rxd3 Be6 21. Bd2 Bxb2 22. Rd1 Bf6 23. Ba5 Rdc8 24. Bxd5 Bxd5 25. Rxd5 Rc6 (25... b6 $16) 26. a3 Rac8 {[#]} 27. Bb4 (27. Bd8 $142 $1) 27... Be7 $16 28. Rd7 (28. Kf1 {is more complex.} Kf8 29. Ke2 R6c7 30. Re5 Re8 31. Rdd5) 28... Bxc5 ({Better is} 28... R8c7 $1 $14) 29. Rxb7 (29. Bxc5 $18 Rxc5 30. Rxb7) 29... Bxb4 (29... Bb6 $16) 30. axb4 $14 {[%mdl 4096] Endgame KRR-KRR} ({White should play} 30. Rxb4 $18 R8c7 31. Rd8+ Kg7 32. Ra4) 30... Rb6 $2 {[%mdl 8192] Loses the game.} (30... R6c7 $16 31. Rd8+ {[%mdl 64] Deflection} Rxd8 32. Rxc7 Rb8 33. Rxa7 Rxb4) 31. Rxa7 $18 Rxb4 (31... g5 $142 32. fxg5 hxg5) 32. Rdd7 Rbc4 $2 (32... g5 33. Rg7+ Kh8 34. fxg5 Rg4+ 35. Kf1 hxg5 36. Rh7+ Kg8 37. Rhg7+ Kh8 38. Rh7+ Kg8 39. Rag7+ Kf8) 33. Rg7+ Kf8 34. Rxg6 Rc1+ 35. Kg2 R1c2 (35... R1c6 $142) 36. Rf6+ Ke8 37. Rxf5 (37. Rxh6 $142 R8c7 38. Rxc7 Rxc7 39. Rh8+ Ke7 40. Rh7+ Kd6 41. Rxc7 Kxc7 42. Kf3) 37... Rd2 38. Re5+ Kd8 39. Rh7 Rcc2 40. Rxh6 Rxf2+ {[#]} 41. Kg3 $1 Rg2+ 42. Kf3 Rcf2+ 43. Ke4 Ra2 44. Rg5 Rxh2 45. Rxh2 {Rh7 would kill now.} Rxh2 {KR-KR} 46. Kf5 Ke7 47. e4 Kf7 48. e5 Rh6 49. Ke4 {White is clearly winning.} Ra6 50. Rf5+ Ke6 51. Rf6+ {Accuracy: White = 59%, Black = 40%.} 1-0

[Event "Stay Safe Play From Home 219"]
[Site "T#646719Emanuel Laske"]
[Date "2020.06.11"]
[Round "4"]
[White "Don59as"]
[Black "Position"]
[Result "0-1"]
[WhiteElo "2015"]
[BlackElo "1990"]
[Annotator "NA RC"]
[PlyCount "84"]
[EventDate "2020.06.11"]
[EventType "swiss (blitz)"]

1. c4 {[%emt 0:00:01]} d6 {[%emt 0:00:01]} 2. Nc3 {[%emt 0:00:01]} c6 {[%emt 0:00:01]} 3. e4 {[%emt 0:00:01]} e5 {[%emt 0:00:02]} 4. g3 {[%emt 0:00:01]} Nf6 {[%emt 0:00:01]} 5. Bg2 {[%emt 0:00:01]} Be6 {[%emt 0:00:01]} 6. d3 {[%emt 0:00:03]} Be7 {[%emt 0:00:01]} 7. Nge2 {[%emt 0:00:02]} O-O {[%emt 0:00:01]} 8. h3 {[%emt 0:00:01]} Nbd7 {[%emt 0:00:01]} 9. b3 {[%emt 0:00:01]} Qc8 {[%emt 0:00:01]} 10. d4 {[%emt 0:00:02]} Nb6 {[%emt 0:00:06]} 11. Bb2 {[%emt 0:00:06]} Rd8 {[%emt 0:00:05]} 12. Rc1 {[%emt 0:00:02]} Qb8 {[%emt 0:00:10]} 13. O-O {[%emt 0:00:03]} d5 {[%emt 0:00:04]} 14. exd5 {[%emt 0:00:11]} cxd5 {[%emt 0:00:01]} 15. c5 {[%emt 0:00:07]} Nbd7 {[%emt 0:00:02]} 16. f4 {[%emt 0:00:10]} exf4 {[%emt 0:00:07]} 17. Nxf4 {[%emt 0:00:03]} Nf8 {[%emt 0:00:01]} 18. Qf3 {[%emt 0:00:12]} h6 {[%emt 0:00:17]} 19. b4 {[%emt 0:00:06]} N8h7 {[%emt 0:00:15]} 20. Rce1 {[%emt 0:00:09]} Ng5 {[%emt 0:00:02]} 21. Qf2 {[%emt 0:00:02]} Nge4 {[%emt 0:00:17]} 22. Nxe4 {[%emt 0:00:07]} dxe4 {[%emt 0:00:03]} 23. Nxe6 {[%emt 0:00:01]} fxe6 {[%emt 0:00:01]} 24. Bxe4 {[%emt 0:00:03]} Rf8 {[%emt 0:00:01]} 25. Qg2 {[%emt 0:00:12]} Qc7 {[%emt 0:00:03]} 26. a3 {[%emt 0:00:11]} Nh5 {[%emt 0:00:11]} 27. Bxb7 {[%emt 0:00:14]} Rab8 {[%emt 0:00:02]} 28. Bf3 {[%emt 0:00:11]} Nxg3 {[%emt 0:00:02]} 29. Rf2 {[%emt 0:00:01]} Bh4 {[%emt 0:00:03]} 30. Rxe6 {[%emt 0:00:02]} Rbe8 {[%emt 0:00:30]} 31. d5 {[%emt 0:00:06]} Qf4 {[%emt 0:00:04]} 32. Rg6 {[%emt 0:00:05]} Nf5 {[%emt 0:00:04]} 33. Re2 {[%emt 0:00:05]} Rxe2 {[%emt 0:00:03]} 34. Bxe2 {[%emt 0:00:01]} Bg5 {[%emt 0:00:07]} 35. Rxg5 {[%emt 0:00:02]} hxg5 {[%emt 0:00:01]} 36. Bg4 {[%emt 0:00:05]} Ng3 {[%emt 0:00:01]} 37. Be6+ {[%emt 0:00:02]} Kh8 {[%emt 0:00:02]} 38. d6 {[%emt 0:00:05]} Qe3+ {[%emt 0:00:00]} 39. Kh2 {[%emt 0:00:01]} Nf1+ {[%emt 0:00:01]} 40. Kh1 {[%emt 0:00:02]} Ng3+ {[%emt 0:00:01]} 41. Qxg3 {[%emt 0:00:01]} Rf2 {[%emt 0:00:00]} 42. Bxg7+ {[%emt 0:00:04]} Kxg7 {[%emt 0:00:01] Time (Lag: Av=0.93s, max=2.4s)} 0-1

[Event "Stay Safe Play From Home 219"]
[Site "T#646719Emanuel Laske"]
[Date "2020.06.11"]
[Round "4"]
[White "Haris kollari 13"]
[Black "Klasman"]
[Result "1-0"]
[WhiteElo "1900"]
[BlackElo "1752"]
[Annotator "NA RC"]
[PlyCount "71"]
[EventDate "2020.06.11"]
[EventType "swiss (blitz)"]

1. e4 {[%emt 0:00:01]} f5 {[%emt 0:00:02]} 2. e5 {[%emt 0:00:05]} d6 {[%emt 0:00:08]} 3. exd6 {[%emt 0:00:03]} cxd6 {[%emt 0:00:01]} 4. b3 {[%emt 0:00:01]} e5 {[%emt 0:00:02]} 5. Bb2 {[%emt 0:00:01]} Nf6 {[%emt 0:00:01]} 6. Bc4 {[%emt 0:00:02]} Nc6 {[%emt 0:00:07]} 7. Nc3 {[%emt 0:00:02]} d5 {[%emt 0:00:02]} 8. Be2 {[%emt 0:00:01]} d4 {[%emt 0:00:03]} 9. Nb1 {[%emt 0:00:05]} Bd6 {[%emt 0:00:03]} 10. Nf3 {[%emt 0:00:03]} Be6 {[%emt 0:00:02]} 11. d3 {[%emt 0:00:02]} O-O {[%emt 0:00:14]} 12. Nbd2 {[%emt 0:00:01]} b5 {[%emt 0:00:06]} 13. O-O {[%emt 0:00:02]} Ng4 {[%emt 0:00:04]} 14. h3 {[%emt 0:00:03]} Nh6 {[%emt 0:00:02]} 15. a4 {[%emt 0:00:01]} b4 {[%emt 0:00:03]} 16. Nc4 {[%emt 0:00:01]} Bc7 {[%emt 0:00:10]} 17. Bc1 {[%emt 0:00:02]} Bxc4 {[%emt 0:00:09]} 18. bxc4 {[%emt 0:00:08]} e4 {[%emt 0:00:04]} 19. Ng5 {[%emt 0:00:26]} Qd6 {[%emt 0:00:07]} 20. g3 {[%emt 0:00:01]} e3 {[%emt 0:00:13]} 21. f4 {[%emt 0:00:01]} Qg6 {[%emt 0:00:18]} 22. Kh2 {[%emt 0:00:02]} Nf7 {[%emt 0:00:12]} 23. Bh5 {[%emt 0:00:08]} Qh6 {[%emt 0:00:04]} 24. Bxf7+ {[%emt 0:00:16]} Rxf7 {[%emt 0:00:01]} 25. Nxf7 {[%emt 0:00:02]} Kxf7 {[%emt 0:00:01]} 26. Qf3 {[%emt 0:00:01]} Ne7 {[%emt 0:00:03]} 27. Qxa8 {[%emt 0:00:02]} Qh5 {[%emt 0:00:09]} 28. Qf3 {[%emt 0:00:05]} Qh6 {[%emt 0:00:03]} 29. Bb2 {[%emt 0:00:01]} Bb6 {[%emt 0:00:04]} 30. a5 {[%emt 0:00:01]} Bc5 {[%emt 0:00:01]} 31. a6 {[%emt 0:00:01]} Ng6 {[%emt 0:00:01]} 32. Qd5+ {[%emt 0:00:07]} Kf8 {[%emt 0:00:04]} 33. Qxc5+ {[%emt 0:00:01]} Ne7 {[%emt 0:00:04]} 34. Bxd4 {[%emt 0:00:03]} Qh5 {[%emt 0:00:10]} 35. Bxe3 {[%emt 0:00:09]} Qe2+ {[%emt 0:00:02]} 36. Rf2 {[%emt 0:00:01] Time} 1-0

[Event "Stay Safe Play From Home 219"]
[Site "T#646719Emanuel Laske"]
[Date "2020.06.11"]
[Round "4"]
[White "Dukic"]
[Black "Matze69"]
[Result "1-0"]
[WhiteElo "1887"]
[BlackElo "1266"]
[Annotator "NA RC"]
[PlyCount "107"]
[EventDate "2020.06.11"]
[EventType "swiss (blitz)"]

1. c4 {[%emt 0:00:06]} c5 {[%emt 0:00:04]} 2. Nc3 {[%emt 0:00:01]} Nc6 {[%emt 0:00:03]} 3. Nf3 {[%emt 0:00:01]} e5 {[%emt 0:00:04]} 4. e3 {[%emt 0:00:01]} d6 {[%emt 0:00:01]} 5. d4 {[%emt 0:00:01]} cxd4 {[%emt 0:00:02]} 6. exd4 {[%emt 0:00:01]} Bg4 {[%emt 0:00:06]} 7. d5 {[%emt 0:00:12]} Nd4 {[%emt 0:00:02]} 8. Be2 {[%emt 0:00:26]} Nxf3+ {[%emt 0:00:05]} 9. Bxf3 {[%emt 0:00:02]} Bxf3 {[%emt 0:00:01]} 10. Qxf3 {[%emt 0:00:01]} Nf6 {[%emt 0:00:01]} 11. O-O {[%emt 0:00:02]} Be7 {[%emt 0:00:02]} 12. b3 {[%emt 0:00:02]} O-O {[%emt 0:00:01]} 13. Bb2 {[%emt 0:00:04]} b6 {[%emt 0:00:05]} 14. Rfe1 {[%emt 0:00:03]} Re8 {[%emt 0:00:02]} 15. g3 {[%emt 0:00:08]} Nd7 {[%emt 0:00:02]} 16. Ne4 {[%emt 0:00:05]} Nc5 {[%emt 0:00:03]} 17. Nd2 {[%emt 0:00:06]} Bg5 {[%emt 0:00:04]} 18. Nf1 {[%emt 0:00:07]} Qf6 {[%emt 0:00:04]} 19. Qe2 {[%emt 0:00:07]} a5 {[%emt 0:00:06]} 20. f4 {[%emt 0:00:03]} Bh6 {[%emt 0:00:08]} 21. fxe5 {[%emt 0:00:04]} Qxe5 {[%emt 0:00:06]} 22. Bxe5 {[%emt 0:00:03]} dxe5 {[%emt 0:00:03]} 23. Rad1 {[%emt 0:00:06]} f6 {[%emt 0:00:07]} 24. Ne3 {[%emt 0:00:08]} Bxe3+ {[%emt 0:00:03]} 25. Qxe3 {[%emt 0:00:01]} Rab8 {[%emt 0:00:05]} 26. d6 {[%emt 0:00:01]} Nd7 {[%emt 0:00:04]} 27. Qe4 {[%emt 0:00:02]} Re6 {[%emt 0:00:02]} 28. Qc6 {[%emt 0:00:03]} Rd8 {[%emt 0:00:07]} 29. Qc7 {[%emt 0:00:02]} Ree8 {[%emt 0:00:03]} 30. Rd5 {[%emt 0:00:03]} Kf7 {[%emt 0:00:02]} 31. Red1 {[%emt 0:00:04]} Ke6 {[%emt 0:00:02]} 32. Rb5 {[%emt 0:00:02]} h6 {[%emt 0:00:04]} 33. Qb7 {[%emt 0:00:02]} g5 {[%emt 0:00:02]} 34. Qd5+ {[%emt 0:00:01]} Kf5 {[%emt 0:00:05]} 35. h3 {[%emt 0:00:01]} Kg6 {[%emt 0:00:04]} 36. g4 {[%emt 0:00:03]} Kg7 {[%emt 0:00:04]} 37. Rf1 {[%emt 0:00:06]} Kg6 {[%emt 0:00:02]} 38. Qe4+ {[%emt 0:00:01]} Kg7 {[%emt 0:00:01]} 39. Rd5 {[%emt 0:00:01]} Kf7 {[%emt 0:00:05]} 40. Qf5 {[%emt 0:00:01]} Re6 {[%emt 0:00:04]} 41. Qh7+ {[%emt 0:00:01]} Ke8 {[%emt 0:00:04]} 42. Qxh6 {[%emt 0:00:01]} Re7 {[%emt 0:00:05]} 43. dxe7 {[%emt 0:00:02]} Kxe7 {[%emt 0:00:01]} 44. Qg7+ {[%emt 0:00:01]} Ke6 {[%emt 0:00:02]} 45. Rxf6+ {[%emt 0:00:03]} Nxf6 {[%emt 0:00:04]} 46. Rxd8 {[%emt 0:00:01]} Ne4 {[%emt 0:00:03]} 47. Re8+ {[%emt 0:00:01]} Kd6 {[%emt 0:00:01]} 48. Qxg5 {[%emt 0:00:01]} Kc5 {[%emt 0:00:05]} 49. Qxe5+ {[%emt 0:00:02]} Kb4 {[%emt 0:00:02]} 50. Qxe4 {[%emt 0:00:01]} Ka3 {[%emt 0:00:01]} 51. Qe2 {[%emt 0:00:01]} Kb4 {[%emt 0:00:02]} 52. Re5 {[%emt 0:00:02]} b5 {[%emt 0:00:02]} 53. Rxb5+ {[%emt 0:00:01]} Ka3 {[%emt 0:00:01]} 54. Qc2 {[%emt 0:00:03] Zeit (Lag: Av=0.93s, max=1.3s)} 1-0

[Event "Stay Safe Play From Home 219"]
[Site "T#646719Emanuel Laske"]
[Date "2020.06.11"]
[Round "4"]
[White "Greblah"]
[Black "Matanant"]
[Result "0-1"]
[WhiteElo "1886"]
[BlackElo "1792"]
[Annotator "NA RC"]
[PlyCount "48"]
[EventDate "2020.06.11"]
[EventType "swiss (blitz)"]

1. e4 {[%emt 0:00:01]} e5 {[%emt 0:00:01]} 2. Nf3 {[%emt 0:00:02]} d5 {[%emt 0:00:01]} 3. exd5 {[%emt 0:00:02]} e4 {[%emt 0:00:08]} 4. Nd4 {[%emt 0:00:01]} Qxd5 {[%emt 0:00:01]} 5. Nb3 {[%emt 0:00:08]} Nf6 {[%emt 0:00:04]} 6. Nc3 {[%emt 0:00:01]} Qe5 {[%emt 0:00:01]} 7. Qe2 {[%emt 0:00:06]} Bd6 {[%emt 0:00:05]} 8. Qb5+ {[%emt 0:00:03]} Nc6 {[%emt 0:00:04]} 9. Qxe5+ {[%emt 0:00:04]} Nxe5 {[%emt 0:00:01]} 10. Nb5 {[%emt 0:00:03]} O-O {[%emt 0:00:03]} 11. Nxd6 {[%emt 0:00:01]} cxd6 {[%emt 0:00:01]} 12. d4 {[%emt 0:00:06]} exd3 {[%emt 0:00:03]} 13. cxd3 {[%emt 0:00:01]} Re8 {[%emt 0:00:02]} 14. Be3 {[%emt 0:00:29]} Bf5 {[%emt 0:00:12]} 15. O-O-O {[%emt 0:00:04]} Rac8+ {[%emt 0:00:09]} 16. Kb1 {[%emt 0:00:00]} Nd5 {[%emt 0:00:12]} 17. Bxa7 {[%emt 0:00:04]} b6 {[%emt 0:00:05]} 18. Nd4 {[%emt 0:00:04]} Bd7 {[%emt 0:00:15]} 19. f4 {[%emt 0:00:08]} Ng4 {[%emt 0:00:04]} 20. Rc1 {[%emt 0:00:08]} Ra8 {[%emt 0:00:08]} 21. Nc6 {[%emt 0:00:11]} Bxc6 {[%emt 0:00:04]} 22. Rxc6 {[%emt 0:00:00]} Rxa7 {[%emt 0:00:01]} 23. Rxd6 {[%emt 0:00:01]} Nb4 {[%emt 0:00:06]} 24. a3 {[%emt 0:00:02]} Re1# {[%emt 0:00:02] (Lag: Av=0.56s, max=1.2s)} 0-1

[Event "Stay Safe Play From Home 219"]
[Site "T#646719Emanuel Laske"]
[Date "2020.06.11"]
[Round "4"]
[White "Timbre"]
[Black "Edmatuag"]
[Result "1-0"]
[WhiteElo "1607"]
[BlackElo "1656"]
[Annotator "NA RC"]
[PlyCount "105"]
[EventDate "2020.06.11"]
[EventType "swiss (blitz)"]

1. d4 {[%emt 0:00:07]} e6 {[%emt 0:00:00]} 2. Nf3 {[%emt 0:00:01]} d5 {[%emt 0:00:02]} 3. c3 {[%emt 0:00:01]} c5 {[%emt 0:00:01]} 4. Bf4 {[%emt 0:00:01]} Nc6 {[%emt 0:00:00]} 5. e3 {[%emt 0:00:02]} Qb6 {[%emt 0:00:02]} 6. Qc2 {[%emt 0:00:03]} Nge7 {[%emt 0:00:05]} 7. Nbd2 {[%emt 0:00:01]} Ng6 {[%emt 0:00:07]} 8. Bg3 {[%emt 0:00:02]} f6 {[%emt 0:00:03]} 9. Be2 {[%emt 0:00:01]} Kf7 {[%emt 0:00:02]} 10. dxc5 {[%emt 0:00:04]} Bxc5 {[%emt 0:00:02]} 11. O-O {[%emt 0:00:03]} Bd7 {[%emt 0:00:09]} 12. Nd4 {[%emt 0:00:02]} Rac8 {[%emt 0:00:08]} 13. Qb1 {[%emt 0:00:02]} Nce7 {[%emt 0:00:17]} 14. Bf3 {[%emt 0:00:05]} Ne5 {[%emt 0:00:07]} 15. Bxe5 {[%emt 0:00:03]} fxe5 {[%emt 0:00:00]} 16. N4b3 {[%emt 0:00:08]} Bd6 {[%emt 0:00:06]} 17. e4 {[%emt 0:00:02]} h6 {[%emt 0:00:31]} 18. exd5 {[%emt 0:00:02]} exd5 {[%emt 0:00:02]} 19. Re1 {[%emt 0:00:07]} Rhf8 {[%emt 0:00:06]} 20. Bh5+ {[%emt 0:00:03]} Kg8 {[%emt 0:00:02]} 21. Nf3 {[%emt 0:00:03]} Bf5 {[%emt 0:00:12]} 22. Qc1 {[%emt 0:00:04]} Kh7 {[%emt 0:00:04]} 23. Qd2 {[%emt 0:00:02]} g6 {[%emt 0:00:03]} 24. Bxg6+ {[%emt 0:00:03]} Bxg6 {[%emt 0:00:02]} 25. Rad1 {[%emt 0:00:06]} e4 {[%emt 0:00:03]} 26. Nfd4 {[%emt 0:00:02]} Be5 {[%emt 0:00:06]} 27. h3 {[%emt 0:00:03]} Qf6 {[%emt 0:00:01]} 28. Rf1 {[%emt 0:00:02]} Rc4 {[%emt 0:00:02]} 29. Qe3 {[%emt 0:00:02]} Bxd4 {[%emt 0:00:03]} 30. Nxd4 {[%emt 0:00:04]} Nf5 {[%emt 0:00:01]} 31. Nxf5 {[%emt 0:00:02]} Qxf5 {[%emt 0:00:01]} 32. Rd4 {[%emt 0:00:04]} Rxd4 {[%emt 0:00:01]} 33. Qxd4 {[%emt 0:00:01]} b6 {[%emt 0:00:00]} 34. Qe3 {[%emt 0:00:05]} Bh5 {[%emt 0:00:02]} 35. a4 {[%emt 0:00:04]} Qf4 {[%emt 0:00:01]} 36. Qd4 {[%emt 0:00:02]} Be2 {[%emt 0:00:01]} 37. Re1 {[%emt 0:00:13]} Bc4 {[%emt 0:00:01]} 38. a5 {[%emt 0:00:07]} Qf6 {[%emt 0:00:05]} 39. Qe3 {[%emt 0:00:03]} bxa5 {[%emt 0:00:02]} 40. Qg3 {[%emt 0:00:05]} Qf4 {[%emt 0:00:04]} 41. Qe3 {[%emt 0:00:07]} Qxe3 {[%emt 0:00:01]} 42. Rxe3 {[%emt 0:00:01]} a4 {[%emt 0:00:00]} 43. Re1 {[%emt 0:00:01]} a5 {[%emt 0:00:02]} 44. Ra1 {[%emt 0:00:02]} Bb3 {[%emt 0:00:01]} 45. Kh2 {[%emt 0:00:02]} Rd8 {[%emt 0:00:00]} 46. Re1 {[%emt 0:00:03]} d4 {[%emt 0:00:00]} 47. cxd4 {[%emt 0:00:01]} Rxd4 {[%emt 0:00:01]} 48. Re3 {[%emt 0:00:01]} Bc2 {[%emt 0:00:03]} 49. f3 {[%emt 0:00:02]} exf3 {[%emt 0:00:02]} 50. Rxf3 {[%emt 0:00:01]} Kg6 {[%emt 0:00:01]} 51. Rg3+ {[%emt 0:00:02]} Kf6 {[%emt 0:00:02]} 52. Rf3+ {[%emt 0:00:01]} Ke5 {[%emt 0:00:00]} 53. Re3+ {[%emt 0:00:01] Time (Lag: Av=0.32s, max=0.8s) '} 1-0

[Event "Stay Safe Play From Home 219"]
[Site "T#646719Emanuel Laske"]
[Date "2020.06.11"]
[Round "4"]
[White "Trotsky"]
[Black "Fingerfehler1"]
[Result "0-1"]
[WhiteElo "1593"]
[BlackElo "1617"]
[Annotator "NA RC"]
[PlyCount "54"]
[EventDate "2020.06.11"]
[EventType "swiss (blitz)"]

1. d4 {[%emt 0:00:05]} d5 {[%emt 0:00:02]} 2. e3 {[%emt 0:00:01]} g6 {[%emt 0:00:02]} 3. c4 {[%emt 0:00:01]} Nf6 {[%emt 0:00:05]} 4. Nc3 {[%emt 0:00:01]} c6 {[%emt 0:00:02]} 5. c5 {[%emt 0:00:02]} Bg7 {[%emt 0:00:02]} 6. Bd3 {[%emt 0:00:01]} Nbd7 {[%emt 0:00:02]} 7. Qc2 {[%emt 0:00:01]} O-O {[%emt 0:00:02]} 8. Nf3 {[%emt 0:00:01]} Re8 {[%emt 0:00:02]} 9. Ng5 {[%emt 0:00:01]} e5 {[%emt 0:00:03]} 10. h4 {[%emt 0:00:01]} e4 {[%emt 0:00:01]} 11. h5 {[%emt 0:00:02]} exd3 {[%emt 0:00:04]} 12. Qxd3 {[%emt 0:00:02]} Nf8 {[%emt 0:00:06]} 13. Bd2 {[%emt 0:00:02]} h6 {[%emt 0:00:09]} 14. O-O-O {[%emt 0:00:03]} hxg5 {[%emt 0:00:02]} 15. hxg6 {[%emt 0:00:01]} Nxg6 {[%emt 0:00:02]} 16. e4 {[%emt 0:00:01]} dxe4 {[%emt 0:00:02]} 17. Qc4 {[%emt 0:00:04]} Be6 {[%emt 0:00:05]} 18. Qe2 {[%emt 0:00:02]} Bg4 {[%emt 0:00:03]} 19. f3 {[%emt 0:00:01]} exf3 {[%emt 0:00:02]} 20. Qd3 {[%emt 0:00:02]} fxg2 {[%emt 0:00:04]} 21. Rhg1 {[%emt 0:00:14]} Bxd1 {[%emt 0:00:02]} 22. Nxd1 {[%emt 0:00:01]} Qd5 {[%emt 0:00:03]} 23. Ne3 {[%emt 0:00:06]} Nf4 {[%emt 0:00:05]} 24. Qc2 {[%emt 0:00:03]} Qxd4 {[%emt 0:00:03]} 25. Nf5 {[%emt 0:00:04]} Qxg1+ {[%emt 0:00:05]} 26. Qd1 {[%emt 0:00:03]} Qxd1+ {[%emt 0:00:02]} 27. Kxd1 {[%emt 0:00:01]} g1=Q+ {[%emt 0:00:00] Trotsky Ñäàåòñÿ (Lag: Av=0.51s, max=0.7s)} 0-1